| 000 | 01061nam a2200277 i 4500 | ||
|---|---|---|---|
| 001 | bg | ||
| 245 | 0 | 0 |
_aStateczność i optymalizacja konstrukcji trójwarstwowych / _cred. Krzysztof Magnucki, Marian Ostwald ; [aut. poszczeg. rozdz. Stefan Joniak et al.]. |
| 260 |
_aPoznań : _bPolitechnika Poznańska : _bwspółpr. wydawnicza Instytut Technologii Eksploatacji w Radomiu, _c2001. |
||
| 300 |
_a316 s. : _bil. ; _c25 cm. |
||
| 504 | _aBibliogr. | ||
| 650 | 9 |
_aModele matematyczne _xstosowanie _xbudownictwo |
|
| 650 | 9 |
_aOptymalizacja _xstosowanie _xbudownictwo |
|
| 650 | 9 |
_aPłyty konstrukcyjne _xmechanika |
|
| 650 | 9 |
_aPowłoki (bud.) _xkonstrukcje _xmechanika |
|
| 650 | 9 |
_aStateczność _xpomiary |
|
| 700 | 1 |
_aMAGNUCKI, Krzysztof _d(1946- ). _eRed. |
|
| 700 | 1 |
_aOSTWALD, Marian _d(1947- ). _eRed. |
|
| 700 | 1 |
_aJONIAK, Stefan _d(1936- ) |
|
| 020 | _a837204225X (ITE) | ||
| 040 | _cBPK | ||
| 041 | 0 | _apol | |
| 080 | _a624.01/.07:624.04:539.3:519.863 | ||
| 920 | _a83-7204-225-X (ITE) | ||
| 942 | _cKS | ||
| 008 | s pl f |000 0 pol | ||
| 999 |
_c42651 _d42651 |
||
| 856 |
_uhttp://koha.tu.koszalin.pl/cgi-bin/koha/opac-detail.pl?biblionumber=42651 _yKatalog online BPK |
||